Normal view
MARC view
- RENEWABLE ENERGY SOURCESS
Entry Topical Term
001 - CONTROL NUMBER
- control field: 64540
003 - CONTROL NUMBER IDENTIFIER
- control field: NUST
005 - DATE AND TIME OF LATEST TRANSACTION
- control field: 20210628203308.0
008 - FIXED-LENGTH DATA ELEMENTS
- fixed length control field: 210628|| aca||aabn | a|a d
040 ## - CATALOGING SOURCE
- Original cataloging agency: NUST
- Transcribing agency: NUST
150 ## - HEADING--TOPICAL TERM
- Topical term or geographic name entry element: RENEWABLE ENERGY SOURCESS
670 ## - SOURCE DATA FOUND
- Source citation: Work cat.: (NUST): Marandi, Reza , Mohammed Reza 64539, Handbook of green energy, 2009
